Correlation analysis of the world NR and crude-oil price during 1988-2005 (Record no. 56390)

MARC details
000 -LEADER
fixed length control field 00462nam a2200145Ia 4500
100 ## - MAIN ENTRY--AUTHOR NAME
Personal name Yang Lin
245 #0 - TITLE STATEMENT
Title Correlation analysis of the world NR and crude-oil price during 1988-2005
260 ## - PUBLICATION, DISTRIBUTION, ETC. (IMPRINT)
Name of publisher Preprints of Papers. International Natural Rubber Conference 13-14 November 2006, Vietnam, pp.623.
650 ## - SUBJECT ADDED ENTRY--TOPICAL TERM
Topical Term Correlation
650 ## - SUBJECT ADDED ENTRY--TOPICAL TERM
Topical Term Crude-oil price
650 ## - SUBJECT ADDED ENTRY--TOPICAL TERM
Topical Term NR
700 ## - ADDED ENTRY--PERSONAL NAME
Personal name Mo Yeyong
942 ## - ADDED ENTRY ELEMENTS (KOHA)
Koha item type Journals
Holdings
Withdrawn status Lost status Damaged status Not for loan Home library Current library Shelving location Date acquired Koha item type
      Journals RRII Library RRII Library Agricultural economics 13/02/2007 Journals